00907nam a2200241Ia 4500001000600000003000900006008004100015040001300056040001300069041001300082100002300095100002900118245004900147245005900196250001100255260001100266260001800277260004900295300005900344500021600403650001500619650003100634G7583IT-RoPAU130308s9999 xx 000 0 und d aIT-RoPAU cIT-RoPAU aITALIANO aMarrone Gianfranco gCodice Aut. SPICS: 35715 aUna guida dietro di noi: Barthes e la svolta bEloquio del Senso. Dialoghi Semiotici per Paolo Fabbri a1a ed. aGENOVA bCosta & Nolan c1999 [1° Ed.:1999 - Ed.Ling.Originale:1999] a"17 p. (prefazione: no ; testo: 17 [pagine: 170-186])" aGenere del Pamphlet. Passato prossimo della Semiotica. Franchezza e Persuasione. Lingua, Linguaggio e Discorso. Enunciazione e Bisogni. Efficacia. Corpo e Immaginario. sensibile e Intelligibile. Sapere e Sapore. aSEMIOLOGIA eCodice materia Spics: 3251